Ekonomika zbiera sily

Základnou nerovnováhou hospodárstva SR je nízka exportná výkonnosť a vysoký sklon k dovozu. Vývoj zahraničného obchodu SR. Teritoriálna štruktúra zahraničného obchodu, vývoz a dovoz. Podiel bežného účtu platobnej bilancie na HDP. Prognóza vývoja zahraničného obchodu v roku 2000.

Gespeichert in:
Bibliographische Detailangaben
1. Verfasser: Sotník, Alexander
Format: Buchkapitel
Sprache:Slowakisch
Schlagworte:
Tags: Tag hinzufügen
Keine Tags, Fügen Sie das erste Tag hinzu!

MARC

LEADER 00000naa a2200000 4500
001 r038902
005 20230920071417.4
041 0 |a slo 
044 |a SK 
245 1 0 |a Ekonomika zbiera sily  |c Alexander Sotník 
520 |a Základnou nerovnováhou hospodárstva SR je nízka exportná výkonnosť a vysoký sklon k dovozu. Vývoj zahraničného obchodu SR. Teritoriálna štruktúra zahraničného obchodu, vývoz a dovoz. Podiel bežného účtu platobnej bilancie na HDP. Prognóza vývoja zahraničného obchodu v roku 2000. 
610 2 0 |a obchod zahraničný 
610 2 0 |a bilancia platobná 
610 2 0 |a produkt domáci hrubý 
610 2 0 |a Slovensko 
610 2 0 |a Európska únia 
610 2 0 |a konkurencia 
610 2 0 |a nerovnováha hospodárska 
610 2 0 |a prognózy 
100 1 |a Sotník, Alexander